Cyclisme: Top 100 du 21eme siècle (classement PCS) - Statistiques

Statistiques générales
  • Ce quiz a été pris 209 fois
    116 depuis la dernière actualisation
  • Le résultat moyen est 52 sur 100
Statistiques - réponses
Hint Réponse % Correct
14- Grande Bretagne FROOME
100%
2- Slovénie POGACAR
100%
4- Slovénie ROGLIC
100%
3- Slovaquie SAGAN
95%
8- Espagne CONTADOR
94%
28- France ALAPHILIPPE
91%
1- Espagne VALVERDE
91%
19- Belgique VAN AERT
91%
5- Grande Bretagne CAVENDISH
89%
12- Italie NIBALI
89%
44- Grande Bretagne THOMAS
89%
15- Belgique EVENEPOEL
88%
60- France PINOT
88%
83- France BARDET
86%
22- Pays-Bas VAN DER POEL
86%
9- Suisse CANCELLARA
83%
23- Colombie QUINTANA
83%
33- Danemark VINGEGAARD
81%
6- Belgique BOONEN
80%
7- Belgique GILBERT
78%
76- Colombie BERNAL
77%
20- France DEMARE
75%
26- Australie EVANS
75%
37- Danemark PEDERSEN
74%
70- Equateur CARAPAZ
72%
84- Luxembourg SCHLECK
72%
43- Grande Bretagne | 53- Grande Bretagne YATES
72%
36- Allemagne KITTEL
70%
11- Allemagne GREIPEL
69%
25- Allemagne | 56- Irlande MARTIN
68%
61- Grande Bretagne WIGGINS
67%
94- Slovénie MOHORIC
65%
32- Belgique PHILIPSEN
65%
18- Espagne RODRIGUEZ
65%
77-Portugale ALMEIDA
61%
13- Norvège KRISTOFF
60%
42- Portugal COSTA
59%
40- Pologne KWIATKOWSKI
59%
86- Italie GANNA
57%
65- France VOECKLER
57%
31- Norvège HUSHOVD
56%
30- Australie MATTHEWS
55%
47- Australie EWAN
52%
63- Pays Bas DUMOULIN
51%
85- Kazakhstan LUTSENKO
50%
41- Australie PORTE
50%
99- Pologne MAJKA
48%
82- Colombie URAN
47%
79- Suisse HIRSCHI
45%
50- Belgique MERLIER
45%
46- Irlande BENNETT
44%
27- Allemagne ULLRICH
44%
21- Belgique VAN AVERMAET
43%
45- France BOUHANNI
42%
17- Espagne FREIRE
42%
24- Italie VIVIANI
42%
91- Espagne LANDA
41%
81- Colombie GAVIRIA
40%
98- Suisse KUNG
40%
10- Italie PETACCHI
40%
59- Italie BASSO
39%
16- Italie BETTINI
38%
57- France CHAVANEL
38%
64- Italie COLBRELLI
38%
52- Danemark FUGLSANG
38%
51- Australie GERRANS
38%
49- Pays Bas GROENEWEGEN
38%
68- Pays Bas TERPSTRA
38%
29- Norvège BOASSON HAGEN
36%
73- Russie MENCHOV
36%
100- Etats Unis VAN GARDEREN
36%
35- Italie CUNEGO
35%
88- France LAPORTE
35%
39- Allemagne DEGENKOLB
32%
66- Pays Bas MOLLEMA
32%
34- Espagne | 58- Espagne SANCHEZ
32%
93- Pays Bas JAKOBSEN
30%
54- Espagne HERAS
28%
80- Italie TRENTIN
28%
87- Italie SCARPONI
27%
69- Australie DENNIS
26%
89- France COQUARD
25%
92- Espagne IZAGIRRE
24%
72- Allemagne KLODEN
23%
48- Belgique WELLENS
23%
96- Pays Bas KOOIJ
18%
78- Etats Unis FARRAR
17%
62- Italie POZZATO
15%
90- Grande Bretagne MILLAR
14%
38- Italie ULISSI
14%
95- Suisse ALBASINI
13%
74- Australie ROGERS
13%
67- Allemagne ACKERMANN
11%
97- Espagne MORENO
9%
71- Italie NIZZOLO
9%
55- Italie BENNATI
8%
75- Italie VISCONTI
2%
Aucun quiz correspondant
Distribution des résultats
% des personnes avec chaque résultat
Percentile par nombre de réponses
Votre historique - résultats
Vous n’avez pas pris ce quiz depuis la dernière actualisation